000 00525nam a2200193Ia 4500
003 GCL
008 140319s9999 xx 000 0 ara d
040 _aGCL /
_cGCL
082 0 4 _aط
_b813.087
_bن ب
100 1 _aنظيرة محمد
245 1 0 _aالبطة العجيبة /
_cنظيرة محمد
700 1 _aمصطفى قناوى
300 _a32 ص
490 _aمكتبة الطفل
_v0
650 0 4 _aالقصص القصيرة
650 0 4 _aالاطفال
650 0 4 _aقصص الاطفال
942 _2ddc
_cBK
999 _c51357
_d51357